Statistics for English Football Teams Starting With 'P'

Click here to take the quiz!

General Stats

  • This quiz has been taken 13 times
  • The average score is 4 of 5

Answer Stats

Answer% Correct
Portsmouth
100%
Plymouth Argyle
85%
Port Vale
77%
Preston North End
69%
Peterborough
62%

Score Distribution

Percentile by Number Answered

Percent of People with Each Score

Your Score History

You have not taken this quiz